| 000 | 01137cam a22003254a 4500 | ||
|---|---|---|---|
| 001 | 105824 | ||
| 005 | 20230410123359.0 | ||
| 008 | 081010s2008 cl ab b 000 0 spa | ||
| 035 | _a15482365 | ||
| 925 | 0 |
_aacquire _b1 shelf copy _xpolicy default |
|
| 942 |
_2lcc _cbk |
||
| 010 |
_a 2008458669 _z 2009423452 |
||
| 020 | _a9789562052221 | ||
| 040 |
_aDLC _cDLC |
||
| 043 | _acl----- | ||
| 050 | 1 | 4 |
_aJZ6009.L29 _bB858 2008 |
| 100 | 1 | _aBriones Razeto, Sebastiàn. | |
| 245 | 1 | 0 |
_aConstruyendo confianza? : _bfronteras, FFAA y polìtica en América Latina / _cSebastiàn Briones R., Rodrigo Álvarez V. |
| 250 | _a1. ed. | ||
| 260 |
_aSantiago de Chile : _bFLACSO-CHILE, _c2008. |
||
| 300 |
_a97 p. : _bill., 1 map ; _c28 cm. |
||
| 490 | 0 |
_aRSS ; _v1 |
|
| 504 | _aIncludes bibliographical references (p. 95-97). | ||
| 650 | 0 |
_aConfidence and security building measures (International relations) _zLatin America. |
|
| 651 | 0 |
_aLatin America _xForeign relations. |
|
| 650 | 0 |
_aBorder security _zLatin America. |
|
| 651 | 0 |
_aLatin America _xArmed Forces. |
|
| 700 | 1 |
_aÁlvarez V., Rodrigo, _q(Álvarez Valdés) |
|
| 946 | _aJPR | ||
| 999 |
_c60289 _d60289 |
||